| 000 | 01464cam a2200325I 4500 | ||
|---|---|---|---|
| 001 | battleofbulgeabr00merr | ||
| 003 | CaSfIA | ||
| 005 | 20210117191558.0 | ||
| 007 | cr|||| | ||
| 008 | 750207s1957 nyu 000 0 eng d | ||
| 010 | _a 57001054 | ||
| 040 |
_aLBE _cLBE _dOCL _dMIU _dBUF _dOCLCG _dTXJ _dCaSfIA |
||
| 019 | _a2716732 | ||
| 020 | _a0345025253 | ||
| 020 | _a9780345025258 | ||
| 035 |
_a(OCoLC)1163260 _z(OCoLC)2716732 |
||
| 050 | 1 | 4 |
_aD756.5.A7 _bM4 |
| 092 |
_a940.542 _bM |
||
| 100 | 1 |
_aMerriam, Robert E. _q(Robert Edward), _d1918- |
|
| 245 | 1 | 4 |
_aThe Battle of the Bulge. _h[electronic resource] _b(Abridged version of Dark December) |
| 260 |
_aNew York, _bBallantine _c[1957,c1947] |
||
| 300 |
_a182 p. _c18 cm. |
||
| 650 | 0 | _aArdennes, Battle of the, 1944-1945. | |
| 856 | 4 | 1 |
_uhttp://www.archive.org/details/battleofbulgeabr00merr _zFree eBook from the Internet Archive |
| 856 | 4 | 2 |
_uhttp://www.openlibrary.org/books/OL10681199M _zAdditional information and access via Open Library |
| 999 |
_c472161 _d472161 |
||
| 942 | _cEB | ||
| 506 | _fНеобхідна авторизація на https://archive.org/ (створення облікового запису безкоштовно) | ||
| 506 | _fНеобхідна авторизація на https://openlibrary.org/ (створення облікового запису безкоштовно) | ||